BIBLIOTHÈQUE DE LA MAISON DU MEXIQUE

Logo 1 Logo 2

El otro olvido (notice nᵒ 2403)

détails MARC
000 -Sello discográfico
campo de control de longitud fija 00773nam a2200277 4500
005 - Identificación de versión
campo de control 20251016083312.0
035 ## - Otros números de control del sistema
Número de control del sistema 23242
099 ## - fechas locales
Tipo de ítem Koha LIBRO
100 ## - Datos de procesamiento general
Datos de procesamiento general 19980106d1952 m y1spay5003 ba
105 ## - Campo de datos codificados: Material textual, monográfico
Datos codificados de monografía y 001gy
200 1# - Título y mención de responsabilidad
Título propio El otro olvido
Designación general del material texto impreso
Primer mención de responsabilidad Dora Isella Russell
210 ## - Publicación, distribución, etc.
Lugar de publicación, distribución, etc. México
Nombre del editor, distribuidor, etc. Ediciones Cuadernos Americanos
Fecha de publicación, distribución, etc. 1952
215 ## - Descripción física
Designación de material específico y extensión del ítem 98 p
Dimensiones 22 cm
345 ## - Nota de información de adquisición
Fuente de adquisición/dirección de la suscripción [OBSOLETO] Donación
410 #1 - Series
Título Cuadernos Americanos
Número de volumen 27
606 ## - Término temático usado como materia
Elemento de entrada Poesía uruguaya
Subdivisión cronológica Siglo XX
Número Koha 5574
660 ## - Código de área geográfica
Código MX
700 ## - Nombre personal - Responsabilidad primaria
Elemento de entrada Russell
Parte del nombre distinta del elemento de entrada Dora Isella
Fechas 1925-1990
Número Koha 5575
801 #0 - Fuente de origen
Agencia cm
900 ## -
-- 1/15212
900 ## -
-- 710986779\\060198
942 ## - ELEMENTOS DE ENTRADA SECUNDARIOS (KOHA)
Tipo de ítem Koha Livre
996 ## -
-- MEX
-- 751145101
-- MMAG
-- 009371
-- U861.4 R961O
-- 20240117LIV
Exemplaires
Estatus retirado Estado de daño Estado de pérdida Fecha de adquisición Biblioteca de origen Biblioteca actual Ubicación en estantería Código de barras Precio de reemplazo Signatura topográfica completa No para préstamo Tipo de ítem Koha Nota pública Nota no pública
      05/08/2025 Casa México Paris Casa México Paris   009371 05/08/2025 U861.4 R961O   Livre 20240117LIV 751145101